000 01140cam a22003015i 4500
001 23967914
005 20250611135130.0
006 m o d
007 cr |||||||||||
008 250102s2024 bl a o 000 0 por
906 _a0
_bibc
_corigode
_d2
_encip
_f20
_gy-gencatlg
925 0 _aacquire
_estacksebook
_xpolicy default
010 _a 2025311171
020 _a9788549510211
040 _aDLC
_beng
_erda
_epn
_cDLC
042 _alcode
245 0 0 _aDireitos humanos em perspectiva antirracista /
_cLuciana de Oliveira Dias, Flavia Medeiros, organizadoras.
264 1 _a[Goiânia, GO] :
_bCegraf UFG,
_c2024.
300 _a1 online resource (369 pages) :
_billustrations
336 _atext
_btxt
_2rdacontent
337 _acomputer
_bc
_2rdamedia
338 _aonline resource
_bcr
_2rdacarrier
506 _fOnsite online access.
588 _aDescription based on online resource; title from PDF title page (Abant, viewed January 2, 2025)
985 _aLC online resource
_d2025-01-02
_eRoutine Overseas Operations PDF Acquisitions
985 _eODE-rj
999 _c7523
_d7523